| 000 | 00522cam a22001451 4500 | ||
|---|---|---|---|
| 050 | 0 | 0 |
_aQD455 _b.I5 1962c |
| 245 | 1 | 0 |
_aCoordination chemistry; _bplenary lectures. |
| 260 |
_aLondon, _bButterworths, _c1963. |
||
| 300 | _a123 p. | ||
| 500 | _aAt head of title: International Union of Pure and Applied Chemistry in conjunction with the Swedish Chemical Society. | ||
| 500 | _aAdded t. p. in French. | ||
| 500 | _a"Reprinted from Pure and applied chemistry, vol. 6, no. 1." | ||
| 650 | 0 | _bCoordination chemistry | |
| 942 | _cGEN | ||
| 999 |
_c2456 _d2456 |
||